Postproducción: la cultura como escenario. Modos en que el arte reprograma el mundo contemporáneo
Tallennettuna:
| Päätekijä: | |
|---|---|
| Aineistotyyppi: | Kirja |
| Kieli: | espanja |
| Julkaistu: |
Buenos Aires, Argentina
Adriana Hidalgo
2007
|
| Painos: | Segunda edición |
| Sarja: | Los Sentidos-Artes Visuales
|
| Aiheet: | |
| Tagit: |
Lisää tagi
Ei tageja, Lisää ensimmäinen tagi!
|
MARC
| LEADER | 00000nam a2200000 a 4500 | ||
|---|---|---|---|
| 001 | UCG0756 | ||
| 003 | CL-VaPUC | ||
| 005 | 20210330001631.0 | ||
| 008 | 100408e20070000AG |||||||||||||||||spa|d | ||
| 999 | |c 340280 |d 340278 | ||
| 020 | |a 9789871156054 | ||
| 040 | |c Pontificia Universidad Católica de Valparaíso | ||
| 082 | 0 | 4 | |a 844 BOU 2007 |2 21 |
| 100 | 0 | |a Bourriaud, Nicolas |9 548279 | |
| 245 | 1 | 0 | |a Postproducción: la cultura como escenario. Modos en que el arte reprograma el mundo contemporáneo |
| 250 | |a Segunda edición | ||
| 260 | 0 | 3 | |a Buenos Aires, Argentina |b Adriana Hidalgo |c 2007 |
| 300 | |a 123 páginas | ||
| 490 | 0 | |a Los Sentidos-Artes Visuales | |
| 583 | |a last modification |c 20130328 10:39:55 |k Rodrigo Vera | ||
| 650 | 0 | |a Ensayos franceses |9 265511 | |
| 650 | 0 | |a Arte |9 265238 | |
| 942 | |c BK |2 ddc | ||
| 945 | |d 20100408 00:00:00 |a rbrito | ||
| 952 | |0 0 |1 0 |2 ddc |4 0 |6 844_000000000000000_BOU_2007 |7 0 |8 A |9 434860 |a BIBART |b BIBART |d 2019-11-22 |i 4659872 |o 844 BOU 2007 |p 4659872 |r 2025-03-13 |t 1 |w 2019-11-22 |y BK |k ART | ||